Clarice Lispector /

En esta biografía literaria de Lispector Freixas analiza detalladamente las características de la obra de Lispector y expresa su desacuerdo con la crítica que la compara con Virginia Woolf y que la relaciona con el existencialismo. Incluye fragmentos de textos de Lispector.

Uloženo v:
Podrobná bibliografie
Hlavní autor: Freixas, Laura (autor)
Médium: Kniha
Jazyk:španělština
Vydáno: Barcelona, España : Omega, 2001, c2001
Edice:(Vidas Literarias)
Témata:
Tagy: Přidat tag
Žádné tagy, Buďte první, kdo vytvoří štítek k tomuto záznamu!

MARC

LEADER 00000nam^a2200000^a^4500
001 000129572
005 20250521000000.0
009 20260310094916.705
020 |a 84-282-1260-0 
037 |a Acervo ITESO - Biblioteca 
041 |a ESP 
082 |a 860. 92  |b VID V. 1 
100 |a Freixas, Laura  |e (autor) 
245 1 0 |a Clarice Lispector /  |c L. Freixas. 
264 4 |a Barcelona, España :  |b Omega,  |c 2001, c2001 
300 |a 317 p. 
336 |a texto  |b txt  |2 rdacontenido 
337 |a sin mediación  |b n  |2 rdamedio 
338 |a volumen  |b nc  |2 rdasoporte 
440 1 |a (Vidas Literarias) 
520 |a En esta biografía literaria de Lispector Freixas analiza detalladamente las características de la obra de Lispector y expresa su desacuerdo con la crítica que la compara con Virginia Woolf y que la relaciona con el existencialismo. Incluye fragmentos de textos de Lispector. 
545 0 |a La brasileña Clarice Lispector (Ucrania, 1920-Río de Janeiro, 1977), estudió Derecho en Río de Janeiro, aunque su vocación literaria se manifestó prácticamente desde la adolescencia. Obtuvo con su primer libro, Cerca del corazón salvaje (1943), el Premio Graça Aranha de ese año. Introductora de la línea introspectiva en la narrativa brasileña, usó en su escritura el fluir de conciencia, incluso antes de saber de James Joyce y Virginia Woolf. Preocupada por los límites de la palabra y por atrapar el misterio y lo inaprehensible, se mueve en una temática marcadamente intimisma y feminista. Lazos de familia (1960), La manzana en la oscuridad 1961), La pasión según G.H. (1963), Aprendizaje o el libro de los placeres (1969), Felicidad clandestina (1971) y La hora de la estrella (1977), son algunos de sus textos. 
649 |a XX 
650 |a Escritores Brasileños -  |x Biografías 
650 |a Novela Brasileña -  |x Historia y Crítica 
650 |a Literatura Brasileña -  |x Historia y Crítica 
650 |a Lispector, Clarice -  |x Tema Principal 
910 |a Fondo General 
920 |a Impresos - Libros 
930 |a Colección General 
940 |a Literatura 
905 |a 101 
901 |a 0500059959  |b IT1  |c LIT  |u 20250521 
902 |a https://opac.biblio.iteso.mx/vufind/Record/000129572